Normal view
MARC view
- جامعة الحسين بن طلال
Entry Personal Name
001 - CONTROL NUMBER
- control field: 42689
003 - CONTROL NUMBER IDENTIFIER
- control field: JO-AjAnu
005 - DATE AND TIME OF LATEST TRANSACTION
- control field: 20230606081100.0
008 - FIXED-LENGTH DATA ELEMENTS
- fixed length control field: 230606|| aca||aabn | a|a d
040 ## - CATALOGING SOURCE
- Original cataloging agency: JO-AjAnu
- Transcribing agency: JO-AjAnu
100 ## - HEADING--PERSONAL NAME
- Personal name: جامعة الحسين بن طلال
670 ## - SOURCE DATA FOUND
- Source citation: Work cat.: (JO-AjAnu)21866: جامعة الحسين بن طلال, author, أحفاد النهضة جامعة الحسين بن طلال الكتاب السنوي الثالث عشر2011/2012